Suicidio e società (Record n. 212540)
[ formato base ]
| 000 -LEADER | |
|---|---|
| fixed length control field | 01501nam a2200205Ia 4500 |
| 001 - CONTROL NUMBER | |
| control field | b4693-30673 |
| 003 - CONTROL NUMBER IDENTIFIER | |
| control field | IT-MiCISF |
| 008 - FIXED-LENGTH DATA ELEMENTS--GENERAL INFORMATION | |
| fixed length control field | 161014s9999||||xx |||||||||||||| ||und|| |
| 040 ## - CATALOGING SOURCE | |
| Original cataloging agency | IT-MiCISF |
| Transcribing agency | IT-MiCISF |
| 041 ## - LANGUAGE CODE | |
| Language code of text/sound track or separate title | it |
| 999 ## - SYSTEM CONTROL NUMBERS (KOHA) | |
| Koha Dewey Subclass [OBSOLETE] | si |
| 100 ## - MAIN ENTRY--PERSONAL NAME | |
| Personal name | Ballantini Mario (a cura di) |
| 245 #0 - TITLE STATEMENT | |
| Title | Suicidio e società |
| Remainder of title | Una speranza dalla prevenzione |
| 250 ## - EDITION STATEMENT | |
| Edition statement | 1a ed. |
| 260 ## - PUBLICATION, DISTRIBUTION, ETC. (IMPRINT) | |
| Place of publication, distribution, etc. | Milano |
| Name of publisher, distributor, etc. | Franco Angeli |
| Date of publication, distribution, etc. | 1999 |
| 300 ## - PHYSICAL DESCRIPTION | |
| Extent | pp. 158 |
| 500 ## - GENERAL NOTE | |
| General note | Alberti G.C., Ballantini M., Barlassina C., Beltz J., Biagioni M., Bonenti D., Bonetti S., Borgna E., Brivio R., Capobianco P., Cassani E., Cecconami L., Codazzi L., Colombo E., Fazio Tirrozzo M.G., Gaboardi C., Guglielmana R..... / suicidio, società, prevenzione, servizi, giovani, psichiatria, territorio / La crescente attenzione al suicidio viene qui sollecitata verso due nodi principali. In primo luogo si sottolinea la non coincidenza tra condizione di "pazzia" e tendenze suicidarie, per cui la correlazione tra condizioni specifiche di disagio psichico (es. depressione) e scelta del suicidio deve suggerire strategie mirate di sostegno precoce, e non di stigmatizzazione impotente; in secondo luogo gli AA. sottolineano la necessità e la possibilità di adottare strategie preventive, sia di tipo collettivo, sia sui singoli casi, che sono spesso capaci di impedire definitivamente il verificarsi della decisione del suicidio. Per operatori dei servizi. |
| 650 ## - SUBJECT ADDED ENTRY--TOPICAL TERM | |
| Topical term or geographic name as entry element | Famiglia e servizi / morte |
| Relator term | 007 |
| 942 ## - ADDED ENTRY ELEMENTS (KOHA) | |
| Koha item type | LIBRO |
| 957 ## - | |
| -- | 1 |
| 999 ## - SYSTEM CONTROL NUMBERS (KOHA) | |
| -- | 1 |
| Withdrawn status | Lost status | Damaged status | Not for loan | Home library | Current library | Date acquired | Total Checkouts | Full call number | Date last seen | Price effective from | Koha item type | Public note |
|---|---|---|---|---|---|---|---|---|---|---|---|---|
| Buone Condizioni | Not For Loan | CISF - Milano | CISF - Milano | 14/10/2016 | b4693-30673 | 14/10/2016 | 14/10/2016 | LIBRO | Data import 15.10.2016 / by Epidotti, Vaglietti |